00414nam a22001817a 4500003000500000005001700005008004100022010001000063011001000073035001000083040000900093082001500102100002100117245003700138260003000175300001100205650001600216CHAP20220817042858.0971013s1963 r 00010 d a58628 a59600 a63760 cCHAP a636.5bS8400aSykes, Geoffrey. aPoultryb: a modern agribusiness aLondon :bLockwood,c1963 a242 p.14aAvicultura.